00509pab a2200169 454500008004000000100003000040245009400070260000900164300001400173362000800187650001400195650001300209650001200222700001800234700002000252773006700272180718b2009 xxu||||| |||| 00| 0 eng d aAugustine, Jennifer March aWhy do poor men have children? Fertility intentions among low-income unmarried US fathers c2009 ap.99-117. aJul aFertility aChildren aPoverty aEdin, Kathryn aNelson, Timothy aAnnals of the American Academy of Political and Social Science